000
003210000a22001570004500
003
MACL
040
_a
MACL
090
_c
7389
_d
7388
100
_a
Randhwa, M.S.
245
_a
Flowering Trees
260
_b
Natioal Book Trust
_c
1965
350
_a
9.50
650
_a
Agriculture
942
_c
BOOK
_k
630
951
_o
630 BOOK
999
_c
7341
_d
7341